| 000 | 01258nam2a2200289 4500 | ||
|---|---|---|---|
| 001 | RU\NLR\bibl\1456450 | ||
| 005 | 20250615233451.0 | ||
| 010 |
_a978-5-9704-1444-6 _92000 |
||
| 021 |
_aRU _b2009-90308 _95694 |
||
| 035 | _a(NLR Aleph) 001448249 | ||
| 090 |
_a1506490 _c1506490 |
||
| 100 | _a20091223d2010 |||y0rusy50 ca | ||
| 101 | 0 | _arus | |
| 102 | _aRU | ||
| 105 | _aa ||||||||| | ||
| 200 | 0 |
_aТ. 2 _f[Т.П. Некрасова, Б.Б. Салтыков, А.Б. Салтыков и др.] |
|
| 210 |
_d2010 _aБ. м. |
||
| 215 |
_a485 с. _cцв. ил. _e1 электрон. опт. диск (CD-ROM) |
||
| 320 | _aБиблиогр.: с. 484-485 | ||
| 461 | 0 |
_1001RU\NLR\bibl\1466391 _12001#$aПатология$vТ. 2 _91565854 _cМосква _d2010 _fпод ред. акад. РАН и РАМН М.А. Пальцева, акад. РАЕН В.С. Паукова _nГЭОТАР-Медиа _oучебник для студентов медицинских вузов : в 2 т. _tПатология _y978-5-9704-1280-0 _vТ. 2 |
|
| 701 | 1 |
_aНекрасова _bТ. П. _4070 |
|
| 701 | 1 |
_aСалтыков _bБ. Б. _4070 |
|
| 701 | 1 |
_aСалтыков _bА. Б. _4070 |
|
| 801 | 0 |
_aRU _bNLR _c20091223 _gRCR |
|
| 801 | 1 |
_aRU _bNLR _c20091223 |
|
| 942 | _cBOOK | ||
| 980 | _aNB | ||